000 01113nam a2200253Ia 4500
001 270.8-IPP ro be (2734)
003 IT-MiSPE
008 171229s9999||||xx |||||||||||||| ||und||
040 _aIT-MiSPE
_cIT-MiSPE
041 _aITALIANO
100 _aIppolito di Roma (Hilppolyte de Rome)
_gsanto
240 _aBenedictiones Isaac et Jacob
245 0 _aLe benedizioni di Giacobbe
250 _a1a ed. (v)
260 _aRoma
_bCittà Nuova
_c1982
300 _a137 p.
_c20 cm
490 _aTesti patristici
_v33
501 _aEdizioni San Paolo srl - Piazza Soncino, 5 - 20092 CINISELLO BALSAMO (MI) (non commercial uses only) ® Copyright 2018
520 _aManlio Simonetti (intr., note)
700 _aManlio Simonetti
_g(traduzione)
942 _cBK
957 _71
999 _a14742
_bNO
_g Copie: 1
_c346615
_d346615